Vyčislitel'naja technika v inženernych i ekonomičeskich rasčetach

Guardado en:
Detalles Bibliográficos
Autor principal: Sergovancev, Vladimir Trofimovič
Formato: Libro
Lenguaje:ruso
Publicado: Moskva Finansy i statistika 1983
Edición:2. pererab. i dopoln. izd.
Etiquetas: Agregar Etiqueta
Sin Etiquetas, Sea el primero en etiquetar este registro!

MARC

LEADER 00000nam a2200000 4500
001 c115733
005 20041019155202.3
041 0 |a rus 
044 |a RU 
245 1 0 |a Vyčislitel'naja technika v inženernych i ekonomičeskich rasčetach  |c Vladimir Trofimovič Sergovancev 
250 |a 2. pererab. i dopoln. izd. 
264 1 |a Moskva  |b Finansy i statistika  |c 1983 
300 |a 208 s. 
100 1 |a Sergovancev, Vladimir Trofimovič